| 000 | 00368nam a2200145 a 4500 | ||
|---|---|---|---|
| 001 | 3147 | ||
| 003 | CDMR | ||
| 005 | 20130116135240.0 | ||
| 008 | 130130s2001||||||||||||||||||||||||||||d | ||
| 040 |
_aCDMR _bcat _cCPC GIRONA |
||
| 100 | 1 |
_aBeckett, Samuel _92296 |
|
| 245 | 1 | 0 |
_aPoemes i mirlitonades _cBeckett, Samuel |
| 260 |
_c2001 _bEdicions 62 – Empúries |
||
| 942 | _cMON | ||
| 999 |
_c3147 _d3147 |
||